[Event "FSGM December"]
[Site "Budapest HUN"]
[Date "1999.12.05"]
[Round "2"]
[White "Yu Shaoteng"]
[Black "Tatai,S"]
[Result "1-0"]
[WhiteElo "2435"]
[BlackElo "2357"]

1.e4 c5 2.Nc3 d6 3.Nf3 a6 4.d4 cxd4 5.Nxd4 Nf6 6.Be3 e5 7.Nf3 Qc7 8.a4 Be6
9.a5 Nbd7 10.Ng5 Bc4 11.Bxc4 Qxc4 12.Ra4 Qc6 13.O-O Be7 14.Qe2 Rc8 15.Rd1 O-O
16.h3 Rc7 17.Nf3 Rfc8 18.Rb4 Bf8 19.Rd2 Nc5 20.Bg5 Ncd7 21.Be3 Nc5 22.Qc4 Qe8
23.Bxc5 Rxc5 24.Qb3 Rxa5 25.Rxb7 Rac5 26.Ng5 R5c7 27.Rxc7 Rxc7 28.Nd5 Nxd5
29.Qxd5 Qb5 30.Qxb5 axb5 31.b3 g6 32.h4 Be7 33.g3 f6 34.Nh3 Kf7 35.f3 Rc3
36.Kg2 Ke6 37.Nf2 Bd8 38.Nd1 Rc6 39.Ne3 Ba5 40.Re2 f5  1-0

[Event "Open"]
[Site "Las Palmas ESP"]
[Date "1999.12.07"]
[Round "7"]
[White "Perdomo Abad,J"]
[Black "Villavicencio,A"]
[Result "0-1"]
[WhiteElo "2170"]
[BlackElo "2312"]

1.e4 c5 2.Nf3 d6 3.d4 cxd4 4.Nxd4 Nf6 5.Nc3 a6 6.Be3 Ng4 7.Bg5 h6 8.Bh4 g5
9.Bg3 Bg7 10.Qd2 Nc6 11.Nb3 Be6 12.f3 Nge5 13.Nd5 b5 14.Bf2 Rb8 15.Nd4 Nxd4
16.Bxd4 Bxd5 17.exd5 Qc7 18.O-O-O Rc8 19.Bxe5 Bxe5 20.g3 Qc5 21.Bh3 Rc7 22.Bf5 b4
23.Kb1 a5 24.h4 gxh4 25.Rxh4 Bxg3 26.Rxh6 Rf8 27.Qd4 Be5 28.Qxc5 Rxc5 29.Rh5 Kd8
30.Be4 Kc7 31.Bf5 Bf6 32.Be4 a4 33.Rf5 a3 34.b3 Rh8 35.Rf4 Kb6 36.Rg4 Ka5
37.Rgg1 Rc3 38.Rh1 Rxh1 39.Rxh1 Re3 40.Kc1 Bc3 41.Rd1 Kb6 42.Rd3 Re2 43.Rd1 Rf2
44.Rg1 Kc5 45.Kd1 Kd4 46.Rh1 f6 47.Kc1 Ke5 48.Rh5+ f5 49.Rxf5+ Kd4 50.Bd3 Rh2  0-1

[Event "ch-ROM"]
[Site "Lasi ROM"]
[Date "1999.12.13"]
[Round "1"]
[White "Nevednichy,V"]
[Black "Ardeleanu,A"]
[Result "1-0"]
[WhiteElo "2537"]
[BlackElo "2409"]

1.e4 c5 2.Nf3 d6 3.d4 cxd4 4.Nxd4 Nf6 5.Nc3 a6 6.Be3 Ng4 7.Bg5 h6 8.Bh4 g5
9.Bg3 Bg7 10.Be2 Ne5 11.Nd5 Nbc6 12.Nf5 Bxf5 13.exf5 Nd7 14.c3 Nf6 15.Bf3 Rb8
16.O-O Ne5 17.Bxe5 dxe5 18.Qa4+ Kf8 19.Rfd1 Nxd5 20.Rxd5 Qb6 21.Qb3 Qxb3
22.axb3 Bf6 23.Rd7 b6 24.Rxa6 Kg7 25.Kf1 h5 26.Ke2 g4 27.Be4 Bg5 28.b4 Rhd8
29.Raa7 Rxd7 30.Rxd7 Kf6 31.Kd3 h4 32.h3 gxh3 33.gxh3 e6 34.f3 exf5 35.Bd5 Bc1
36.Rxf7+ Kg6 37.Rd7 Kg5 38.Kc2 Be3 39.Rf7 Kf4 40.Be4 Kg3 41.Bxf5 Kxf3 42.Bg4+ Kg2
43.Re7 Bf4 44.b5 Rg8 45.Kd3 Rd8+ 46.Bd7 Kf3 47.Kc4 Ke4 48.Rf7 Bg3 49.Bc6+ Ke3
50.Rb7 Rd6 51.Rxb6 e4 52.Ra6 Re6 53.Bd5 Re5 54.b6 Kf2 55.b7 Re7 56.Rf6+ Kg2
57.Rg6 Re8 58.Bc6 Rd8 59.Bxe4+ Kxh3 60.Bf5+ Kh2 61.Rxg3 hxg3 62.Bc8 g2 63.b8=Q+ Kh1
64.Qc7  1-0

[Event "ch-ROM (women)"]
[Site "Lasi ROM"]
[Date "1999.12.15"]
[Round "1"]
[White "Peptan,C"]
[Black "Trofim,G"]
[Result "1-0"]
[WhiteElo "2419"]
[BlackElo "2029"]

1.e4 c5 2.Nf3 d6 3.d4 cxd4 4.Nxd4 Nf6 5.Nc3 a6 6.Be3 e6 7.f4 Qc7 8.Qf3 Nbd7
9.g4 e5 10.Nf5 exf4 11.Bxf4 Ne5 12.Bxe5 dxe5 13.g5 Bxf5 14.exf5 Nd7 15.O-O-O Rc8
16.Bh3 Qc6 17.Qe2 Qc4 18.f6  1-0

[Event "ch-ROM (women)"]
[Site "Lasi ROM"]
[Date "1999.12.16"]
[Round "2"]
[White "Calota,A"]
[Black "Istrati,V"]
[Result "0-1"]
[WhiteElo "2096"]
[BlackElo "2127"]

1.e4 c5 2.Nf3 d6 3.d4 cxd4 4.Nxd4 Nf6 5.Nc3 a6 6.Be3 e5 7.Nb3 Be6 8.f3 h5
9.Qd2 Nbd7 10.O-O-O b5 11.g3 Nb6 12.Bxb6 Qxb6 13.Nd5 Bxd5 14.exd5 Be7 15.Kb1 O-O
16.Bg2 a5 17.f4 a4 18.Nc1 exf4 19.Rde1 Ra7 20.gxf4 b4 21.Rhg1 Rc8 22.Bh3 Rc5
23.Qg2 Bf8 24.Qg5 Nxd5 25.Qh6 Qd8 26.Nd3 Rca5 27.Ne5 dxe5 28.Bf5 Nf6 29.fxe5 Qe7
30.Qg5 R7a6 31.exf6 Qxf6 32.Qxf6 Rxf6 33.Bd3 a3 34.Re8 g6 35.Rc8 Kg7 36.Re1 Rg5
37.Kc1 Rf2 38.bxa3 bxa3 39.c4 Rxa2 40.Bb1 Rxh2 41.Ra8 Rgg2 42.Rf1 a2 43.Be4 Rf2
44.Rg1 Bc5 45.Re1 Bd4 46.c5 Bb2+  0-1

[Event "ch-ROM (women)"]
[Site "Lasi ROM"]
[Date "1999.12.18"]
[Round "4"]
[White "Peptan,C"]
[Black "Vajda,S"]
[Result "1-0"]
[WhiteElo "2419"]
[BlackElo "2397"]

1.e4 c5 2.Nf3 d6 3.d4 cxd4 4.Nxd4 Nf6 5.Nc3 a6 6.Be3 e5 7.Nb3 Be7 8.f3 Be6
9.Qd2 O-O 10.O-O-O b5 11.g4 b4 12.Na4 Nbd7 13.h4 Qb8 14.h5 Rc8 15.g5 Ne8
16.Kb1 a5 17.g6 Qb7 18.Nc1 Qc6 19.b3 Nef6 20.Bh3 Bxh3 21.gxf7+ Kxf7 22.Rxh3 Bf8
23.Ne2 Rab8 24.Rh2 Rb5 25.c4 bxc3 26.Nexc3 Rb7 27.Ka1 Qa6 28.Nd5 Rc6 29.Bg5 Rb8
30.Bxf6 gxf6 31.Ndc3 Rbc8 32.Kb2 Nb6 33.Nxb6 Qxb6 34.Na4 Qc7 35.Rg2 Ke8 36.Qd3 Kd8
37.Rdd2 Qf7 38.Qd5 Qxh5 39.Qxa5+ Kd7 40.Nb6+ Rxb6 41.Qxb6 Qxf3 42.Qb5+ Kd8
43.Qb4  1-0

[Event "ch-ROM"]
[Site "Lasi ROM"]
[Date "1999.12.18"]
[Round "6"]
[White "Parligras,M"]
[Black "Istratescu,A"]
[Result "1/2-1/2"]
[WhiteElo "2377"]
[BlackElo "2570"]

1.e4 c5 2.Nf3 d6 3.d4 cxd4 4.Nxd4 Nf6 5.Nc3 a6 6.Be3 Ng4 7.Bg5 h6 8.Bh4 g5
9.Be2 Ne5 10.Bg3 Bg7 11.f3 Nbc6 12.Bf2 Be6 13.Qd2 Ng6 14.Nxe6 fxe6 15.Bc4 Na5
16.Bb3 Nxb3 17.axb3 Qc7 18.Bd4 Bxd4 19.Qxd4 Rg8 20.O-O-O O-O-O 21.Qa7 Qb8
22.Qb6  1/2-1/2

[Event "ch-RUS KO"]
[Site "Moscow RUS"]
[Date "1999.12.18"]
[Round "2.2"]
[White "Makarov,M"]
[Black "Dvoirys,S"]
[Result "1/2-1/2"]
[WhiteElo "2527"]
[BlackElo "2590"]

1.e4 c5 2.Nf3 d6 3.d4 cxd4 4.Nxd4 Nf6 5.Nc3 a6 6.Be3 e5 7.Nb3 Be7 8.f3 O-O
9.Qd2 Be6 10.O-O-O a5 11.Bb5 Na6 12.Kb1 Nc7 13.Qe2 Qc8 14.Nd2 d5 15.exd5 Nfxd5
16.Nxd5 Nxd5 17.Nc4 Qc7 18.Bf2 Bf6 19.Qe4 Rfd8 20.Ne3 Nxe3 21.Bxe3 g6 22.g4 Rac8
23.c3 Bg7 24.Bg5 f6 25.Bh4 Rxd1+ 26.Rxd1 Rd8 27.Rxd8+ Qxd8 28.Bd3 Qd7 29.Qe2 Qd5
30.b3 Qc5 31.Kb2 f5 32.gxf5 gxf5 33.Bf2 Qc7 34.Bc4 Bxc4 35.bxc4 Qd7 36.Bg3 Qd6
37.Qc2 Qd7 38.a4 h6 39.Kb3 Kf7 40.Qe2 Qd6 41.Bf2 Bf8 42.c5 Qd5+ 43.Qc4 Ke6
44.c6 bxc6 45.Bb6 Kd7 46.Qxd5+ cxd5 47.Bxa5 e4 48.Kc2 Bc5 49.Kd2  1/2-1/2

[Event "Extraliga CZE"]
[Site "Ostrava CZE"]
[Date "1999.12.18"]
[Round "5"]
[White "Sikora Lerch,J"]
[Black "Jaworski,Mi"]
[Result "0-1"]
[WhiteElo "2382"]
[BlackElo "2404"]

1.e4 c5 2.Nf3 d6 3.d4 cxd4 4.Nxd4 Nf6 5.Nc3 a6 6.Be3 e6 7.Bd3 b5 8.a4 b4
9.Na2 Bb7 10.f3 e5 11.Nf5 d5 12.O-O Nbd7 13.c3 bxc3 14.bxc3 Qc7 15.Kh1 h5
16.Rb1 g6 17.Ng3 h4 18.Ne2 dxe4 19.fxe4 Nxe4 20.Rxf7 Kxf7 21.Qb3+ Kg7 22.Qxb7 Qxb7
23.Rxb7 Nf6 24.Bg5 Rd8 25.Nb4 Bxb4 26.cxb4 Rh5 27.Bxf6+ Kxf6 28.Bxa6 e4 29.h3 Rd5
30.a5 Rd1+ 31.Kh2 Ne5 32.Nc3 Re1 33.Rb6+ Kf5 34.Be2 Rd2 35.Bg4+ Nxg4+ 36.hxg4+ Kg5
37.Rc6 Rf2 38.a6 Rff1 39.Nxe4+ Rxe4 40.a7 Ra1 41.b5 Ree1 42.Rc5+ Kh6 43.g5+ Kh5
44.g4+ hxg3+  0-1

[Event "ch-RUS KO"]
[Site "Moscow RUS"]
[Date "1999.12.21"]
[Round "4.1"]
[White "Lastin,A"]
[Black "Dvoirys,S"]
[Result "1-0"]
[WhiteElo "2552"]
[BlackElo "2590"]

1.e4 c5 2.Nf3 d6 3.d4 cxd4 4.Nxd4 Nf6 5.Nc3 a6 6.Be3 e5 7.Nb3 Be6 8.f3 Be7
9.Qd2 O-O 10.O-O-O a5 11.Bb5 Na6 12.Qe2 Nc7 13.Nc5 Nxb5 14.Qxb5 Qc8 15.Nxe6 fxe6
16.Rd3 Ra6 17.a4 Rf7 18.Rhd1 Bf8 19.Qb3 Qe8 20.Kb1 Rc6 21.g4 Rc8 22.Bb6 Nd7
23.Bg1 Nf6 24.R3d2 Rc6 25.Nb5 Rd7 26.h4 Qf7 27.Bh2 h6 28.Qe3 d5 29.g5 Bb4
30.Rg2 hxg5 31.hxg5 dxe4 32.Rh1 exf3 33.g6 fxg2 34.gxf7+ Rxf7 35.Rd1 Ng4
36.Qg3 Nxh2 37.Qxg2 Nf3 38.c3 Bf8 39.Qg4 Rf4 40.Qg6 e4 41.Na7 Ra6 42.Nc8 e3
43.Rd8 Nd2+ 44.Kc2 Rf7 45.Qh5  1-0

[Event "ch-ROM (women)"]
[Site "Lasi ROM"]
[Date "1999.12.23"]
[Round "9"]
[White "Ionica,I"]
[Black "Calotescu,C"]
[Result "0-1"]
[WhiteElo "2211"]
[BlackElo "2176"]

1.e4 c5 2.Nf3 d6 3.d4 Nf6 4.Nc3 cxd4 5.Nxd4 a6 6.Be3 e5 7.Nb3 Be6 8.f3 Nc6
9.Qd2 d5 10.exd5 Nxd5 11.Nxd5 Qxd5 12.Qxd5 Bxd5 13.O-O-O O-O-O 14.Bb6 Rd6
15.Bc5 Rd8 16.Bf2 Be7 17.Bd3 g6 18.Rhe1 Nb4 19.Bb6 Rd7 20.a3 Nxd3+ 21.Rxd3 f6
22.Nc5 Bxc5 23.Bxc5 Re8 24.Red1 Bc6 25.Rxd7 Bxd7 26.Bd6 Bc6 27.c4 e4 28.fxe4 Rxe4
29.c5 Rc4+ 30.Kb1 Bxg2 31.Be7 f5 32.Rd8+ Kc7 33.Rh8 Be4+ 34.Ka2 Bd5 35.Kb1 h5
36.Rf8 Kd7 37.Bd6 a5 38.Rf6 g5 39.Rh6 a4 40.Rxh5 g4 41.Rh7+ Kc6 42.Rh6 Be4+
43.Ka2 Rc2 44.Rf6 Kd5 45.Rf8 Kc4 46.Rd8 b5 47.Re8 Rc1 48.Bf4 Rf1 49.Bd2 Rd1
50.Rxe4+ fxe4 51.c6 Rf1 52.c7 Rf8 53.Bg5 Rc8 54.Bf4 Kd3  0-1

[Event "Young Masters"]
[Site "Groningen NED"]
[Date "1999.12.24"]
[Round "6"]
[White "Wiersma,E"]
[Black "Rechel,B"]
[Result "1/2-1/2"]
[WhiteElo "2362"]
[BlackElo "2404"]

1.e4 c5 2.Nf3 d6 3.d4 cxd4 4.Nxd4 Nf6 5.Nc3 a6 6.Be3 e5 7.Nb3 Be6 8.Qd2 Be7
9.f3 h5 10.O-O-O Nbd7 11.Kb1 Rc8 12.Nd5 Bxd5 13.exd5 Nb6 14.Bxb6 Qxb6 15.Bd3 Rc7
16.Bf5 g6 17.Bh3 Kf8 18.Rhf1 Rc4 19.Qd3 Qc7 20.g3 h4 21.Rh1 b5 22.Qd2 Ra4
23.f4 exf4 24.gxf4 Rh5 25.f5 g5 26.Rhf1 Rc4 27.Na5 Rc5 28.Bg2 h3 29.Bh1 Nd7
30.f6 Bxf6 31.Nc6 Rh6 32.Rde1 Nb8 33.Rxf6 Rxf6 34.Qxg5 Rg6 35.Qh4 Nxc6 36.Qh8+ Rg8
37.Qh6+ Rg7 38.Qh8+  1/2-1/2

[Event "ch-ROM (women)"]
[Site "Lasi ROM"]
[Date "1999.12.25"]
[Round "11"]
[White "Voicu,C"]
[Black "Istrati,V"]
[Result "1-0"]
[WhiteElo "2166"]
[BlackElo "2127"]

1.e4 c5 2.Nf3 d6 3.d4 Nf6 4.Nc3 cxd4 5.Nxd4 a6 6.Be3 e5 7.Nb3 Be6 8.Qd2 Nbd7
9.f3 b5 10.g4 Rc8 11.g5 Nh5 12.Nd5 Nc5 13.Rg1 h6 14.gxh6 gxh6 15.O-O-O Nf6
16.Nxc5 dxc5 17.Nxf6+ Qxf6 18.Qa5 Rc6 19.a4 Rd6 20.Rxd6 Bxd6 21.Qxa6 Ke7
22.Qa7+ Bd7 23.Bxb5 Rd8 24.Bxc5 Kf8 25.Bxd7 Rxd7 26.Qxd7 Bxc5 27.Qc8+  1-0

[Event "III Open"]
[Site "Cali COL"]
[Date "1999.12.29"]
[Round "6"]
[White "Uribe,M"]
[Black "Alzate,D"]
[Result "0-1"]
[WhiteElo "2208"]
[BlackElo "2403"]

1.e4 c5 2.Nf3 d6 3.d4 cxd4 4.Nxd4 Nf6 5.Nc3 a6 6.Be3 e6 7.Be2 Be7 8.O-O O-O
9.f4 Nc6 10.Kh1 Bd7 11.Qe1 b5 12.Bd3 Nxd4 13.Bxd4 Bc6 14.Qg3 b4 15.Ne2 g6
16.e5 dxe5 17.fxe5 Nh5 18.Qg4 Qc7 19.Rf2 a5 20.Raf1 Rad8 21.c3 Bd5 22.c4 Bb7
23.b3 Bc5 24.Bxc5 Qxc5 25.Be4 Bc8 26.Qh4 Qe3 27.Ng1 Rd2 28.Rxd2 Qxd2 29.Nf3 Qd8
30.g4 f5 31.gxf5 Qxh4 32.Nxh4 exf5 33.Bd5+ Kg7 34.Nf3 Nf4 35.Kg1 Rd8 36.Bc6 h6
37.h4 Kf7 38.Kf2 Rd3 39.Kg3 Ne2+ 40.Kf2 Nc3 41.Re1 Be6 42.Re3 Nd1+  0-1

[Event "AUT-chT2O 9899"]
[Site "AUT"]
[Date "1999.??.??"]
[Round "7"]
[White "Knoflicek, Ctibor"]
[Black "Schweda, Roland"]
[Result "0-1"]
[WhiteElo "2165"]
[BlackElo "2370"]

1.e4 c5 2.Nf3 d6 3.d4 cxd4 4.Nxd4 Nf6 5.Nc3 a6 6.Be3 e5 7.Nf3 Be7 8.h3 Qc7
9.a4 Be6 10.a5 Nc6 11.Bb6 Qd7 12.Nd5 O-O 13.Nxf6+ Bxf6 14.c4 Bd8 15.Bxd8 Rfxd8
16.Bd3 Qc7 17.Qd2 b6 18.axb6 Qxb6 19.O-O a5 20.b3 Rab8 21.Rfb1 Qc5 22.Bc2 h6
23.Rd1 Kf8 24.Qe3 Qxe3 25.fxe3 Nb4 26.Bb1 Ra8 27.Ne1 Ke7 28.Nd3 Nxd3 29.Bxd3 Rdb8
30.Rdb1 Rb4 31.Bc2 Kd7 32.Kf2 Kc6 33.Ke2 Kc5 34.Kd2 Bd7 35.Kc3 Bc6 36.Rf1 f6
37.Bd3 a4 38.Rfb1 axb3 39.Rxa8 Bxa8 40.Rxb3 Rxb3+ 41.Kxb3 f5 42.g3 fxe4 43.Be2 Bc6
44.Kc3 Bd7 45.h4 Bc8 46.Bh5 Be6 47.Be2 g6 48.Bf1 Bg8 49.Be2 Bf7 50.Bf1 Be6
51.Be2 Bc8 52.Bd1 Be6 53.Be2 g5 54.hxg5 hxg5 55.g4 Bd7 56.Bd1 Bc8 57.Bc2 Bxg4
58.Bxe4 Be6 59.Bd3 g4 60.Kd2 g3  0-1

[Event "ROM-ch sf (Women)"]
[Site "Baile Tusnad"]
[Date "1999.??.??"]
[Round "3"]
[White "Andreescu, Nicoleta Aurora"]
[Black "Trofim, Georgiana"]
[Result "0-1"]
[WhiteElo "2131"]
[BlackElo "2029"]

1.e4 c5 2.Nf3 d6 3.d4 cxd4 4.Nxd4 Nf6 5.Nc3 a6 6.Be3 e6 7.Qd2 Nbd7 8.f3 b5
9.g4 h6 10.O-O-O Bb7 11.h4 b4 12.Nce2 d5 13.Bh3 dxe4 14.f4 Nb6 15.Ng3 Nfd5
16.Qe2 Qc7 17.Nxe4 Nc3 18.Nxc3 Bxh1 19.Nb1 Bd5 20.f5 Nc4 21.fxe6 fxe6 22.Bd2 Qe5
23.Qd3 Bc5  0-1

[Event "ROM-ch sf"]
[Site "Baile Tusnad"]
[Date "1999.??.??"]
[Round "4"]
[White "Parligras, Mircea"]
[Black "Ardeleanu, Alin"]
[Result "1/2-1/2"]
[WhiteElo "2377"]
[BlackElo "2409"]

1.e4 c5 2.Nf3 d6 3.d4 cxd4 4.Nxd4 Nf6 5.Nc3 a6 6.Be3 e5 7.Nb3 Be7 8.f4 O-O
9.Bc4 exf4 10.Bxf4 Nc6 11.O-O Ne5 12.Bd5 Nxd5 13.Nxd5 Be6  1/2-1/2

[Event "ROM-ch sf (Women)"]
[Site "Baile Tusnad"]
[Date "1999.??.??"]
[Round "4"]
[White "Voicu, Carmen"]
[Black "Calotescu, Cristina"]
[Result "0-1"]
[WhiteElo "2166"]
[BlackElo "2176"]

1.e4 c5 2.Nf3 d6 3.d4 Nf6 4.Nc3 cxd4 5.Nxd4 a6 6.Be3 e5 7.Nb3 Be6 8.f3 h5
9.Qd2 Nbd7 10.Qf2 Be7 11.O-O-O Rc8 12.Kb1 Qc7 13.g3 b5 14.Nd5 Nxd5 15.exd5 Bf5
16.Bd3 Bxd3 17.Rxd3 b4 18.Rc1 h4 19.g4 e4 20.Rd4 exf3 21.Rxb4 Ne5 22.h3 O-O
23.g5 Nc4 24.Qxf3 a5 25.Rb5 a4 26.Nd4 a3 27.Bf4 axb2 28.Re1 Ra8 29.Nc6 Rxa2
30.Kxa2 Ra8+ 31.Kb3 Ra3+ 32.Kxc4 Rxf3 33.Bd2 Bf8 34.Rxb2  0-1

[Event "ROM-ch sf (Women)"]
[Site "Baile Tusnad"]
[Date "1999.??.??"]
[Round "5"]
[White "Calota, Alina"]
[Black "Trofim, Georgiana"]
[Result "1-0"]
[WhiteElo "2096"]
[BlackElo "2029"]

1.e4 c5 2.Nf3 d6 3.d4 cxd4 4.Nxd4 Nf6 5.Nc3 a6 6.Be3 e6 7.f3 Nbd7 8.Qd2 b5
9.g4 h6 10.O-O-O Bb7 11.h4 b4 12.Nce2 d5 13.Bh3 dxe4 14.g5 hxg5 15.hxg5 exf3
16.Ng3 Nd5 17.g6 f5 18.Nxe6 Qa5 19.Kb1 Ne5 20.Nxf5 Rg8 21.Bf4 Nxf4 22.Qxf4 f2
23.Rhf1 Bf3 24.Rd4 b3 25.axb3 Rc8 26.Nxf8 Qe1+ 27.Ka2 Qa5+ 28.Ra4 Qd5 29.Ne6 Rxc2
30.Nfxg7+  1-0

[Event "ROM-ch sf"]
[Site "Baile Tusnad"]
[Date "1999.??.??"]
[Round "5"]
[White "Cioara, Andrei Nestor"]
[Black "Filip, Lucian"]
[Result "0-1"]
[WhiteElo "2423"]
[BlackElo "2119"]

1.e4 c5 2.Nf3 d6 3.d4 cxd4 4.Nxd4 Nf6 5.Nc3 a6 6.Be3 e5 7.Nb3 Be6 8.Qd2 Be7
9.f3 O-O 10.O-O-O Qc7 11.g4 d5 12.exd5 Rd8 13.Qf2 Nxd5 14.Nxd5 Rxd5 15.Bd3 Nd7
16.f4 exf4 17.Bxf4 Ne5 18.Bf5 Rxd1+ 19.Rxd1 Bxf5 20.gxf5 Bf6 21.Nc5 Qc6 22.Re1 Nf3
23.Rd1 Rc8 24.Nd3 Nd4 25.c3  0-1

[Event "BakuJ-A"]
[Site "Baku"]
[Date "1999.??.??"]
[Round "?"]
[White "Aroshidze, Levan"]
[Black "Gashimov, Vugar"]
[Result "1-0"]
[WhiteElo "2230"]
[BlackElo "2370"]

1.e4 c5 2.Nf3 d6 3.d4 cxd4 4.Nxd4 Nf6 5.Nc3 a6 6.Be3 e5 7.Nb3 Be7 8.f3 O-O
9.Qd2 Be6 10.O-O-O Nbd7 11.g4 b5 12.h4 Nb6 13.Qf2 Rb8 14.Kb1 Qc7 15.g5 Nh5
16.Bh3 b4 17.Ne2 Bxh3 18.Rxh3 Nc4 19.f4 a5 20.f5 a4 21.Nd2 Na3+ 22.bxa3 bxa3+
23.Kc1 Rb2 24.c4 Qb7 25.Nc3 Rc8 26.Rf1 d5 27.Nxd5 Bb4 28.Kd1 Rxa2 29.Ke2 Ba5
30.Kf3 Rb2 31.Kg4 Nf4 32.Bxf4 exf4 33.Rd3 a2 34.Qd4 Re8 35.h5 Rxd2 36.Rxd2 Bxd2
37.Qxd2 Qb1 38.Qc1 Qxe4 39.Nxf4 Rb8 40.Re1 Qb1 41.Qe3 Rf8 42.Qe5 a3 43.h6 Qb2
44.Qxg7+ Qxg7 45.hxg7  1-0

[Event "ATL-ch"]
[Site "Barranquilla"]
[Date "1999.??.??"]
[Round "4"]
[White "Orozco, Osvaldo"]
[Black "Melgosa, Marcio"]
[Result "1-0"]
[WhiteElo "2105"]
[BlackElo "2245"]

1.e4 c5 2.Nf3 d6 3.d4 cxd4 4.Nxd4 Nf6 5.Nc3 a6 6.Be3 e5 7.Nb3 Be6 8.Qd2 Be7
9.f3 O-O 10.O-O-O b5 11.g4 b4 12.Nd5 Bxd5 13.exd5 a5 14.Kb1 Qc7 15.h4 a4
16.Nc1 a3 17.b3 Rc8 18.Bc4 Nbd7 19.g5 Nh5 20.Nd3 Nb6 21.Bxb6 Qxb6 22.Nxb4 Nf4
23.Nc6 Bf8 24.c3 g6 25.Rhe1 Qb7 26.Re4 Bg7 27.b4 Kh8 28.Bb3 Rc7 29.c4 Nh5
30.c5 Ng3 31.Rc4 Nf5 32.h5 Bf8 33.f4 exf4 34.Qxf4 Re8 35.Re4 Rxe4 36.Qxe4 dxc5
37.bxc5 Qc8 38.hxg6 hxg6 39.d6 Rb7 40.Ne5  1-0

[Event "Regionalliga SW9899"]
[Site "Bayern"]
[Date "1999.??.??"]
[Round "?"]
[White "Fischer, Michael"]
[Black "Kuhnert, Josef"]
[Result "1/2-1/2"]
[WhiteElo "2055"]
[BlackElo "1995"]

1.e4 c5 2.Nf3 d6 3.d4 cxd4 4.Nxd4 Nf6 5.Nc3 a6 6.Be3 e5 7.Nb3 Be6 8.Be2 Nbd7
9.O-O Be7 10.f4 Qc7 11.f5 Bc4 12.a4 Rc8 13.a5 Bxe2 14.Qxe2 h6 15.Rfd1 Qb8
16.h3 Rxc3 17.bxc3 Nxe4 18.Qd3 Nef6 19.c4 Qc7 20.Bc1 O-O 21.Ba3 Ne8 22.Rab1 Ndf6
23.Nd2 Qc8 24.Ne4 Nxe4 25.Qxe4 d5 26.Qd3 Bxa3 27.Qxa3 Qxc4 28.Qb3 Qc5+ 29.Kh1 Nf6
30.Qxb7 Qxa5 31.Ra1 Qc3 32.Qb3 Qc6 33.Qa4 Qc8 34.Qxa6 Qxc2 35.Qd3 Qc7 36.Rdc1 Qd7
37.g4 d4 38.Kh2 e4 39.Qg3 d3 40.g5 hxg5 41.Qxg5 Qd6+ 42.Kh1 Qe5 43.Rg1 Nd5
44.Ra5 g6 45.Qh6 e3 46.fxg6 Qe4+ 47.Rg2 fxg6 48.Rxd5 Rf1+ 49.Kh2 Qxd5 50.Qxg6+ Kf8
51.Qh6+  1/2-1/2

[Event "Regionalliga SO9899"]
[Site "Bayern"]
[Date "1999.??.??"]
[Round "?"]
[White "Wittmann, Matthias"]
[Black "Dost, Andreas"]
[Result "1/2-1/2"]
[WhiteElo "2025"]
[BlackElo "1870"]

1.e4 c5 2.Nf3 d6 3.d4 cxd4 4.Nxd4 Nf6 5.Nc3 a6 6.Be3 e5 7.Nb3 Be6 8.Be2 Nbd7
9.O-O Be7 10.f3 b5 11.g4 Nb6 12.Na5 Rc8 13.a4 Nc4 14.Nxc4 bxc4 15.a5 d5 16.exd5 Nxd5
17.Nxd5 Bxd5 18.b3 O-O 19.Ra4 cxb3 20.cxb3 Rc3 21.Bb6 Qa8 22.Bc4 Bc6 23.Ra1 Bg5
24.Kg2 Bf4 25.Ra2 Re8 26.Raf2 Qc8 27.h3 e4 28.Bd5 Rd3 29.Bxf7+ Kxf7 30.Qc2 Kg8
31.Kg1 Rxf3 32.Rxf3 exf3 33.Qc4+ Kh8 34.Qxf4 Qe6 35.b4 Qd5 36.Bf2 Kg8 37.Rc1 Bb5
38.Qd4 Qe6 39.Re1 Be2 40.Qb6 Qc4 41.Qd4  1/2-1/2

[Event "JUG-ch"]
[Site "Belgrade"]
[Date "1999.??.??"]
[Round "4"]
[White "Kovacevic, Aleksandar"]
[Black "Ilincic, Zlatko"]
[Result "0-1"]
[WhiteElo "2465"]
[BlackElo "2575"]

1.e4 c5 2.Nf3 d6 3.d4 cxd4 4.Nxd4 Nf6 5.Nc3 a6 6.Be3 e6 7.g4 h5 8.g5 Ng4
9.Bc1 Qb6 10.h3 Ne5 11.Nb3 g6 12.Be3 Qc7 13.f4 Nec6 14.a4 Nb4 15.Qd2 N8c6
16.Ne2 e5 17.c3 Be6 18.cxb4 Bxb3 19.Bg2 d5 20.exd5 Bxb4 21.Nc3 Na5 22.fxe5 Nc4
23.d6 Qa5 24.d7+ Kd8 25.Qd4 Nxe3 26.Qxe3 Kxd7 27.Qd3+ Ke7 28.O-O Rhd8 29.Qe4 Rd7
30.Qf4 Qc5+ 31.Kh2 Bxc3 32.bxc3 Be6 33.Rf2 Kf8 34.Rb1 Rad8 35.Rxb7 Rxb7 36.Bxb7 Qxc3
37.Qf6 Qxh3+  0-1

[Event "Berlin Tegel-B"]
[Site "Berlin"]
[Date "1999.??.??"]
[Round "9"]
[White "Schargorodskij, Maxim"]
[Black "Ivanov, Mikhail M"]
[Result "0-1"]
[WhiteElo "2180"]
[BlackElo "2510"]

1.e4 c5 2.Nf3 d6 3.d4 cxd4 4.Nxd4 Nf6 5.Nc3 a6 6.Be3 e6 7.Qd2 b5 8.f3 Bb7
9.O-O-O Nbd7 10.g4 h6 11.h4 b4 12.Na4 Qa5 13.b3 d5 14.e5 Nxe5 15.Nxe6 d4
16.Bxd4 fxe6 17.Qe3 Rd8 18.Bxe5 Rxd1+ 19.Kxd1 Qd5+ 20.Kc1 Nxg4 21.fxg4 Qxh1
22.Qf2 Be7  0-1

[Event "Cannes op"]
[Site "Cannes"]
[Date "1999.??.??"]
[Round "2"]
[White "Rouchouse, Stevens"]
[Black "Relange, Eloi"]
[Result "0-1"]
[WhiteElo "2201"]
[BlackElo "2478"]

1.e4 c5 2.Nf3 d6 3.d4 cxd4 4.Nxd4 Nf6 5.Nc3 a6 6.Be3 Ng4 7.Bc1 Nc6 8.Nxc6 bxc6
9.f3 Nf6 10.Bc4 e6 11.Bb3 d5 12.O-O Be7 13.Qe1 Qc7 14.Bg5 Bb7 15.Rd1 O-O
16.e5 Bc5+ 17.Kh1 Nd7 18.f4 Rae8 19.Qg3 Kh8 20.Rde1 f6 21.exf6 Nxf6 22.Qh3 e5
23.fxe5 Rxe5 24.Rxe5 Qxe5 25.Qh4 Re8 26.Bd2 Re7 27.Na4 Qe2 28.Qe1 Bd6 29.Bc3 Qh5  0-1

[Event "Creon op"]
[Site "Creon"]
[Date "1999.??.??"]
[Round "?"]
[White "Fontaine, Robert"]
[Black "Mezouaghi, Miloud"]
[Result "1-0"]
[WhiteElo "2369"]
[BlackElo "2140"]

1.e4 c5 2.Nf3 d6 3.d4 cxd4 4.Nxd4 Nf6 5.Nc3 a6 6.Be3 e5 7.Nb3 Be6 8.f3 Nbd7
9.Qd2 b5 10.g4 Nb6 11.g5 Nfd7 12.Nd5 Rc8 13.Nxb6 Nxb6 14.Bxb6 Qxb6 15.O-O-O b4
16.f4 exf4 17.Qxf4 a5 18.Nd4 Rc5 19.Kb1 Be7 20.h4 O-O 21.Nf5 Bxf5 22.exf5 Rfc8
23.Bd3 Bf8 24.f6 a4 25.fxg7 Bxg7 26.Rhf1 Qb7 27.Rf3 b3 28.axb3 axb3 29.cxb3 Ra5
30.Qe4 Qxb3 31.Qxh7+ Kf8 32.Rxf7+ Qxf7 33.Rf1 Rc1+ 34.Rxc1 Qa2+ 35.Kc2 Qxb2+
36.Kd1 Qb3+ 37.Ke2 Qb2+ 38.Rc2 Re5+ 39.Kf1 Qb4 40.Kg2 Qb7+ 41.Kh2 Re7 42.Qf5+ Rf7
43.Qc8+ Qxc8 44.Rxc8+ Ke7 45.h5 Be5+ 46.Kg2 Rg7 47.g6 Kf6 48.Rf8+ Kg5 49.Rf5+ Kh6
50.Be2 Rb7 51.Bg4 Rb2+ 52.Kf3 Rb3+ 53.Ke2 Rb2+ 54.Kd3 Rb3+ 55.Kc4 Rg3 56.Bf3 Rxf3
57.Rxf3 Kxh5 58.Rg3 Kh6 59.Rg2 Kg7 60.Kd5 Bf4 61.Ke6 Be5 62.Kf5 Kh6 63.g7  1-0

[Event "CZE-chT2V 9899"]
[Site "CZE"]
[Date "1999.??.??"]
[Round "?"]
[White "Bauma, Jiri"]
[Black "Belousek, M."]
[Result "1/2-1/2"]
[WhiteElo "2225"]
[BlackElo "2075"]

1.e4 c5 2.Nf3 d6 3.d4 cxd4 4.Nxd4 Nf6 5.Nc3 a6 6.Be3 Ng4 7.Bg5 h6 8.Bh4 g5
9.Bg3 Bg7 10.Nf5 Bxf5 11.exf5 Qa5 12.Be2 Bxc3+ 13.bxc3 Qxc3+ 14.Kf1 Nf6 15.Rb1 b5
16.Kg1 Nbd7 17.h4 Rg8 18.hxg5 hxg5 19.Bd3 Nc5 20.Qe2 Kd7 21.Bxb5+ axb5 22.Qxb5+ Kc7
23.Qb6+ Kd7 24.Qb5+ Kc7  1/2-1/2

[Event "Moravia-chT 9899"]
[Site "CZE"]
[Date "1999.??.??"]
[Round "8"]
[White "Pisk, Petr"]
[Black "Civin, Tomas"]
[Result "1/2-1/2"]
[WhiteElo "2310"]
[BlackElo "2270"]

1.e4 c5 2.Nf3 d6 3.d4 cxd4 4.Nxd4 Nf6 5.Nc3 a6 6.Be3 e5 7.Nb3 Be6 8.Qd2 Be7
9.f3 Nbd7 10.O-O-O h5 11.h4 Rc8 12.g3 b5 13.Bh3 Nb6 14.Bxb6 Qxb6 15.Nd5 Nxd5
16.Bxe6 fxe6 17.exd5 exd5 18.Qxd5 Qc6 19.Qe4 O-O 20.Rhf1 Qxe4 21.fxe4 g5
22.hxg5 Bxg5+ 23.Kb1 Rxf1 24.Rxf1 Rc4 25.Re1 Kf7 26.c3 Ke6 27.Kc2 d5 28.exd5+ Kxd5
29.Rd1+ Ke4 30.Rh1 Kf3 31.Rxh5 Kg4 32.Rh8 Kxg3 33.Rg8 Kf4 34.Rg6 Ra4 35.Nc5 Kf5
36.Rxa6 Rxa6 37.Nxa6 Ke4 38.Nc7 Kf3 39.Nxb5 Bf6 40.Nc7 e4 41.Nd5 Bg5 42.Kb3 e3
43.Nxe3 Bxe3 44.a4 Ke4 45.Kc4 Ke5 46.Kb5 Kd6 47.c4 Kc7 48.c5 Kb7 49.a5 Bd2
50.b4 Be1 51.Kc4 Bd2 52.Kb3 Be1 53.Ka4 Bf2 54.Kb5 Be1 55.c6+ Kc7 56.Kc5 Bxb4+  1/2-1/2

[Event "UKR-ch U18"]
[Site "Dnepropetrovsk"]
[Date "1999.??.??"]
[Round "4"]
[White "Fedorchuk, Sergey A"]
[Black "Poletaev, Vadim"]
[Result "1-0"]
[WhiteElo "2457"]
[BlackElo "2164"]

1.e4 c5 2.Nf3 d6 3.d4 cxd4 4.Nxd4 Nf6 5.Nc3 a6 6.Be3 Ng4 7.Bg5 h6 8.Bh4 g5
9.Bg3 Bg7 10.Bc4 Nc6 11.Nde2 Nge5 12.Bb3 b5 13.O-O h5 14.f4 gxf4 15.Bxf4 Bg4
16.h3 Qb6+ 17.Kh1 e6 18.Qd2 Bxe2 19.Nxe2 O-O-O 20.Be3 Qb7 21.Nd4 Nxd4 22.Bxd4 Qxe4
23.a4 Nc4 24.Bxc4 Qxd4 25.Qxd4 Bxd4 26.axb5 d5 27.Be2 Rd7 28.bxa6 f5 29.Ra4 Ba7
30.c4 d4 31.Bd3 Rg8 32.b4 Rg3 33.Rd1 Rf7 34.c5 Kb8 35.Ra5 e5 36.Bc4 Rfg7
37.Rb5+ Kc8 38.Be6+ Kc7 39.Rb7+ Kc6 40.Bxf5 Rxb7 41.Be4+ Kb5 42.axb7 Kxb4
43.c6 Bb8 44.Ra1 Rg8 45.Ra8 Rd8 46.Rxb8 Rxb8 47.c7 Rxb7 48.Bxb7 d3 49.c8=Q  1-0

[Event "Dresden (Women)"]
[Site "Dresden"]
[Date "1999.??.??"]
[Round "?"]
[White "Madl, Ildiko"]
[Black "Mietzner, Tina"]
[Result "1-0"]
[WhiteElo "2435"]
[BlackElo "2095"]

1.e4 c5 2.Nf3 d6 3.d4 cxd4 4.Nxd4 Nf6 5.Nc3 a6 6.Be3 e5 7.Nf3 Be7 8.Bc4 O-O
9.Qe2 Nbd7 10.Bd5 Nb6 11.Bb3 Qc7 12.O-O h6 13.Rad1 Bg4 14.h3 Bxf3 15.Qxf3 Nc4
16.Bc1 b5 17.Ne2 Nh7 18.Ng3 Bg5 19.Bxc4 Qxc4 20.Bxg5 Nxg5 21.Qb3 Rfc8 22.Nf5 Qxb3
23.cxb3 Rc2 24.f3 Rxb2 25.Rf2 Rxf2 26.Kxf2 Rd8 27.b4 Ne6 28.Ne7+ Kf8 29.Nc6 Rd7
30.Nxe5 Rc7 31.Rxd6 Rc2+ 32.Kg3 Rxa2 33.Rd7 f6 34.Ng6+ Kg8 35.f4 Ra3+ 36.Kh2 Re3
37.f5 Rxe4 38.fxe6 Rxb4 39.Rd8+ Kh7 40.e7  1-0